La legitimidad del derecho penal : (Registro nro. 28774)

Detalles MARC
000 -LEADER
fixed length control field 00801nam a2200217Ia 4500
003 - CONTROL NUMBER IDENTIFIER
control field CO-CtgCURN
005 - DATE AND TIME OF LATEST TRANSACTION
control field 20250407182345.0
008 - FIXED-LENGTH DATA ELEMENTS--GENERAL INFORMATION
fixed length control field 190723s9999 xx 000 0 und d
020 ## - INTERNATIONAL STANDARD BOOK NUMBER
International Standard Book Number 9586165426
040 ## - CATALOGING SOURCE
Original cataloging agency CO-CtgCURN
Language of cataloging spa
Transcribing agency coctgcurn
082 ## - DEWEY DECIMAL CLASSIFICATION NUMBER
Classification number 345.001
Item number U72l
100 ## - MAIN ENTRY--PERSONAL NAME
Personal name Urbano Martínez, Jose Joaquin
245 #0 - TITLE STATEMENT
Title La legitimidad del derecho penal :
Remainder of title equilibrio entre fines, funciones y consecuencias /
Statement of responsibility, etc. Jose Joaquin Urbano Martínez
260 ## - PUBLICATION, DISTRIBUTION, ETC.
Place of publication, distribution, etc. Bogotá, Colombia :
Name of publisher, distributor, etc. Universidad Externado de Colombia,
Date of publication, distribution, etc. 2001
300 ## - PHYSICAL DESCRIPTION
Extent 200 páginas ;
Dimensions 19 centímetros
521 ## - TARGET AUDIENCE NOTE
Target audience note AREA PROFESIONAL
590 ## - LOCAL NOTE (RLIN)
Local note Programa de Derecho_18
650 ## - SUBJECT ADDED ENTRY--TOPICAL TERM
Topical term or geographic name entry element Derecho penal
942 ## - ADDED ENTRY ELEMENTS (KOHA)
Koha item type Libros
Classification part 345.001
Item part U72l
Source of classification or shelving scheme Dewey Decimal Classification
Suppress in OPAC No
Existencias
Withdrawn status Lost status Damaged status Not for loan Collection Home library Current library Shelving location Date acquired Inventory number Total checkouts Full call number Barcode Date last seen Copy number Price effective from Koha item type
          Miguel Henríquez Castañeda Barranquilla Miguel Henríquez Castañeda Barranquilla General 05/23/2018 01382   345.001 U72l 01382 07/23/2019 ej.1 07/23/2019 Libros